Pays avec la lettre E comme deuxième lettre - Statistiques

Statistiques générales
  • Ce quiz a été pris 2 753 fois
  • Le résultat moyen est 13 sur 20
Statistiques - réponses
Pays % Correct
Belgique
78%
Pérou
77%
Lettonie
76%
Belize
73%
Venezuela
73%
Mexique
72%
Sénégal
66%
Yemen
65%
Serbie
63%
Benin
62%
Lesotho
62%
Nepal
60%
République démocratique du Congo
60%
République dominicaine
57%
République du Congo
57%
République tchèque
55%
Georgie
53%
Kenya
53%
République Centrafricaine
53%
Seychelles
52%
Aucun quiz correspondant
Distribution des résultats
% des personnes avec chaque résultat
Percentile par nombre de réponses
Votre historique - résultats
Vous n’avez pas pris ce quiz